000 00392nam a2200157Ia 4500
008 230711s9999||||xx |||||||||||||| ||und||
041 _aENG
082 _a720
_bOL-A
100 _aOliver,Paul
245 0 _aArchitecture : an invitation
250 _a1st . Ed.
260 _c1992
_aNew Jersy
_bWiley-Blackwell Publishing
650 _aArchitecture
700 _aHayward, Richard
942 _cBK
999 _c2327
_d2327